NLSUI OPAC header image

Text and data mining in the ai era : navigating copyright challenges for India's innovative future (Record no. 217795)

MARC details
000 -LEADER
fixed length control field 00517nam a2200133Ia 4500
005 - DATE AND TIME OF LATEST TRANSACTION
control field 20260209120153.0
008 - FIXED-LENGTH DATA ELEMENTS--GENERAL INFORMATION
fixed length control field 260209s9999||||xx |||||||||||||| ||und||
100 ## - MAIN ENTRY--PERSONAL NAME
Personal name Jeevitha
245 #0 - TITLE STATEMENT
Title Text and data mining in the ai era : navigating copyright challenges for India's innovative future
260 ## - PUBLICATION, DISTRIBUTION, ETC.
Place of publication, distribution, etc. BangaloreBangalore
Name of publisher, distributor, etc. NLSIU, Bangalore
Date of publication, distribution, etc. 2024 - 2025
300 ## - PHYSICAL DESCRIPTION
Extent 40 p. ; 25 cm.
700 ## - ADDED ENTRY--PERSONAL NAME
Personal name Ms. Aparajita Lath - SupervisorMs. Aparajita Lath - Supervisor
856 ## - ELECTRONIC LOCATION AND ACCESS
Uniform Resource Identifier <a href="https://dans.nls.ac.in/handle/123456789/2503">https://dans.nls.ac.in/handle/123456789/2503</a>
Holdings
Withdrawn status Lost status Damaged status Not for loan Home library Current library Date acquired Total Checkouts Barcode Date last seen Price effective from Koha item type
        . . 09.02.2026   LLM1162 09.02.2026 09.02.2026 Dissertation